000 00516nam a2200181Ia 4500
999 _c1702
_d1702
003 OSt
005 20200924140900.0
008 190216s9999||||xx |||||||||||||| ||und||
020 _a9788189866594
040 _coclc
082 _a571.6
_bKHA/C
100 _aKhanna, Pragya
_94955
245 0 _aCell And Molecular Biology /
_cPragya Khanna
260 _bI.K.International Publishing,
_aNew Delhi:
_c2008.
300 _a412p
650 _aBotany
942 _cBK
_2ddc
_h571.6
_iKHA/C
_k571.6
_mKHA/C